Najpopularniejsze nazwiska w Polsce - Statystyki

Ogólne statystyki
  • Ten quiz został rozwiązany 214 razy
  • Średni wynik to 5 z 15
Statystyki odpowiedzi
Ilość osób Nazwisko % Poprawnych
201 315 Nowak
94%
136 418 Kowalski
93%
92 045 Lewandowski
53%
96 421 Kowalczyk
49%
108 824 Wiśniewski
47%
97 735 Wójcik
31%
89 688 Zieliński
30%
86 139 Dąbrowski
24%
93 807 Kamiński
22%
87 264 Szymański
17%
86 765 Woźniak
17%
68 041 Jankowski
14%
65 853 Kwiatkowski
14%
69 698 Mazur
14%
74 326 Kozłowski
12%
Nie znaleziono quizów pasujących do podanych kryteriów
Rozkład punktacji
Procent ludzi z każdym wynikiem
Percentyl według liczby udzielonych odpowiedzi
Twoja historia wyników
Nie rozwiązałeś tego quizu